000 00599nam a22001937a 4500
005 20251108175310.0
008 250721s1987 xx 000 0 ara d
082 1 4 _a414.1/أنب
100 1 _aالأنباري، أبي بكر محمد بن القاسم
245 1 0 _aالزاهر في معاني كلمات الناس /
250 _aط2
264 _bدار الشؤون الثقافية العامة،
_c1987.
300 _a657ص.
490 0 _aخزانة التراث
650 1 7 _aاللغة العربية
650 1 7 _aعلم المعاني
942 _2ddc
_cBK
999 _c130877
_d130877